[Event "Havirov op 14th"]
[Site "Havirov"]
[Date "2013.09.01"]
[Round "9"]
[White "Pilch, David"]
[Black "Kotoucek, Jiri"]
[Result "0-1"]
[WhiteElo "1624"]
[BlackElo "1769"]
[PlyCount "68"]
[EventDate "2013.08.24"]
[EventType "swiss"]
[EventRounds "9"]
[EventCountry "CZE"]
[SourceTitle "CBM 156 Extra"]
[Source "ChessBase"]
[SourceDate "2013.10.22"]
[SourceVersion "1"]
[SourceVersionDate "2013.10.22"]
[SourceQuality "1"]

1. d4 d5 2. c4 c6 3. Nf3 Nf6 4. Nc3 e6 5. Bg5 Nbd7 6. e3 Be7 7. Qc2 dxc4 8. Bxc4 b5 9. Bd3 Bb7 10. Bxf6 Nxf6 11. 0-0 h6 12. Ne4 Nxe4 13. Bxe4 Rc8 14. Ne5 Qc7 15. Nd3 0-0 16. Nc5 Ba8 17. Rac1 Rfd8 18. Rfd1 Qb6 19. g3 e5 20. Nb3 exd4 21. Rxd4 Rxd4 22. exd4 Bf6 23. d5 c5 24. Nxc5 a5 25. Bf5 Rc7 26. Qe4 Be7 27. Nd3 Rxc1+ 28. Nxc1 Qd6 29. Qd3 Bxd5 30. Qxb5 Bc6 31. Qd3 Qe5 32. Ne2 Bb5 33. Qe4 Qxe4 34. Bxe4 Bxe2 0-1

[Event "Havirov op 14th"]
[Site "Havirov"]
[Date "2013.08.24"]
[Round "1"]
[White "Fargac, Martin"]
[Black "Kotoucek, Jiri"]
[Result "1-0"]
[WhiteElo "2136"]
[BlackElo "1769"]
[PlyCount "43"]
[EventDate "2013.08.24"]
[EventType "swiss"]
[EventRounds "9"]
[EventCountry "CZE"]
[SourceTitle "CBM 156 Extra"]
[Source "ChessBase"]
[SourceDate "2013.10.22"]
[SourceVersion "1"]
[SourceVersionDate "2013.10.22"]
[SourceQuality "1"]

1. e4 e6 2. d4 d5 3. Nd2 dxe4 4. Nxe4 Bd7 5. Nf3 Bc6 6. Bd3 Nd7 7. 0-0 Ngf6 8. Ng3 Be7 9. b3 0-0 10. Bb2 b6 11. Ne5 Bb7 12. Nh5 Nxh5 13. Qxh5 Nf6 14. Qh3 Rc8 15. Rad1 h6 16. c4 Qe8 17. f4 c5 18. f5 exf5 19. Qxf5 cxd4 20. Ng4 g6 21. Nxf6+ Bxf6 22. Qxf6 1-0

[Event "Senica op 4th"]
[Site "Senica"]
[Date "2012.08.06"]
[Round "6"]
[White "Kotoucek, Jiri"]
[Black "Jarabek, Milan"]
[Result "0-1"]
[WhiteElo "1838"]
[BlackElo "1638"]
[PlyCount "90"]
[EventDate "2012.08.03"]
[EventType "swiss"]
[EventRounds "9"]
[EventCountry "SVK"]
[SourceTitle "EXT 2014"]
[Source "ChessBase"]
[SourceDate "2013.11.20"]
[SourceVersion "1"]
[SourceVersionDate "2013.11.20"]
[SourceQuality "1"]

1. d4 Nf6 2. c4 g6 3. Nc3 Bg7 4. e4 d6 5. f3 0-0 6. Nge2 Nbd7 7. Be3 c5 8. Qd2 cxd4 9. Nxd4 a6 10. Be2 Qc7 11. Rc1 Nc5 12. b4 Ne6 13. Nd5 Qd8 14. 0-0 Nxd5 15. cxd5 Nxd4 16. Bxd4 Bxd4+ 17. Qxd4 Bd7 18. Rc3 Rc8 19. Rfc1 Rxc3 20. Rxc3 Qb8 21. Bd1 Rc8 22. g4 Rxc3 23. Qxc3 Qc8 24. Qxc8+ Bxc8 25. Kf2 g5 26. Ke3 Bd7 27. f4 f6 28. fxg5 fxg5 29. e5 Kg7 30. h3 dxe5 31. Bc2 h6 32. Be4 b6 33. Bd3 a5 34. bxa5 bxa5 35. Ke4 Kf6 36. Be2 Ba4 37. Bf3 Bb5 38. Bg2 Bc4 39. a3 e6 40. dxe6 Kxe6 41. Ke3 Bd5 42. Bf1 Kd6 43. Kf2 Kc5 44. Kg3 Kd4 45. h4 Kc3 0-1

[Event "Senica op 4th"]
[Site "Senica"]
[Date "2012.08.05"]
[Round "5"]
[White "Danada, Tomas"]
[Black "Kotoucek, Jiri"]
[Result "1-0"]
[WhiteElo "2086"]
[BlackElo "1838"]
[PlyCount "65"]
[EventDate "2012.08.03"]
[EventType "swiss"]
[EventRounds "9"]
[EventCountry "SVK"]
[SourceTitle "EXT 2014"]
[Source "ChessBase"]
[SourceDate "2013.11.20"]
[SourceVersion "1"]
[SourceVersionDate "2013.11.20"]
[SourceQuality "1"]

1. d4 d5 2. c4 e6 3. Nf3 Nf6 4. g3 Nbd7 5. Bg2 Bb4+ 6. Bd2 Bxd2+ 7. Nbxd2 c5 8. 0-0 0-0 9. cxd5 Nxd5 10. dxc5 Nxc5 11. Nb3 Nxb3 12. Qxb3 Qa5 13. Rfd1 b6 14. Nd4 Bb7 15. Nb5 Rad8 16. Nc7 Rd7 17. Nxd5 Bxd5 18. Bxd5 exd5 19. Rd4 f5 20. e3 Rfd8 21. Rad1 Kf7 22. Kg2 g5 23. a3 Qc5 24. Qb4 Ke6 25. Qd2 Rc8 26. e4 fxe4 27. Rxe4+ Kf6 28. h4 h6 29. Re2 Rc6 30. h5 Re6 31. Rxe6+ Kxe6 32. Qd3 Rf7 33. Qg6+ 1-0

[Event "Ostrava Konik op-A"]
[Site "Ostrava"]
[Date "2012.05.02"]
[Round "5"]
[White "Kotoucek, Jiri"]
[Black "Pavera, Vit"]
[Result "0-1"]
[WhiteElo "1947"]
[BlackElo "2004"]
[PlyCount "84"]
[EventDate "2012.04.28"]
[EventType "swiss"]
[EventRounds "9"]
[EventCountry "CZE"]
[SourceTitle "CBM 148 Extra"]
[Source "ChessBase"]
[SourceDate "2012.06.22"]
[SourceVersion "1"]
[SourceVersionDate "2012.06.22"]
[SourceQuality "1"]

1. d4 Nf6 2. c4 g6 3. Nc3 d5 4. cxd5 Nxd5 5. e4 Nxc3 6. bxc3 Bg7 7. Nf3 c5 8. h3 Nc6 9. Be3 Qa5 10. Qd2 0-0 11. Rb1 cxd4 12. Nxd4 Nxd4 13. cxd4 Qxd2+ 14. Kxd2 Rd8 15. d5 e6 16. Bc4 b6 17. Ke2 exd5 18. Bxd5 Ba6+ 19. Kf3 Rac8 20. Rhc1 Bd3 21. Rxc8 Rxc8 22. Rb3 Bc2 23. Rb4 Be5 24. Ke2 Rc7 25. f3 Kf8 26. Rc4 Rxc4 27. Bxc4 Ke7 28. f4 Bc3 29. e5 f6 30. exf6+ Bxf6 31. g4 h5 32. g5 Bg7 33. Bd3 Bxd3+ 34. Kxd3 Ke6 35. Ke4 Bc3 36. a4 Ba5 37. Bd4 a6 38. Be5 b5 39. axb5 axb5 40. Bb2 Be1 41. Ke3 Kf5 42. Kf3 Bd2 0-1

[Event "Ostrava op"]
[Site "Ostrava"]
[Date "2009.05.04"]
[Round "3"]
[White "Kotoucek, Jiri"]
[Black "Samu, Pavel"]
[Result "1/2-1/2"]
[WhiteElo "1835"]
[BlackElo "1995"]
[PlyCount "45"]
[EventDate "2009.05.02"]
[EventType "swiss"]
[EventRounds "9"]
[EventCountry "CZE"]
[SourceTitle "EXT 2011"]
[Source "ChessBase"]
[SourceDate "2010.11.26"]
[SourceVersion "1"]
[SourceVersionDate "2010.11.26"]
[SourceQuality "1"]

1. d4 Nf6 2. c4 e5 3. dxe5 Ng4 4. Nf3 Bc5 5. e3 Nc6 6. a3 a5 7. Nc3 Ngxe5 8. Be2 0-0 9. 0-0 Re8 10. Nd5 Nxf3+ 11. Bxf3 Ne5 12. Be2 Ra6 13. Rb1 Rae6 14. b4 axb4 15. axb4 Bf8 16. Qd4 Nc6 17. Qc3 Ne7 18. Nf4 Rh6 19. Nh5 Nc6 20. e4 Rhe6 21. f3 Qh4 22. Ng3 Rf6 23. c5 1/2-1/2

[Event "Ostrava SMP op"]
[Site "Ostrava"]
[Date "2006.05.06"]
[Round "8"]
[White "Kotoucek, Jiri"]
[Black "Zizka, Radim"]
[Result "1-0"]
[WhiteElo "1796"]
[BlackElo "1660"]
[PlyCount "43"]
[EventDate "2006.04.29"]
[EventType "swiss"]
[EventRounds "9"]
[EventCountry "CZE"]
[SourceTitle "EXT 2008"]
[Source "ChessBase"]
[SourceDate "2007.11.25"]
[SourceVersion "1"]
[SourceVersionDate "2007.11.25"]
[SourceQuality "1"]

1. d4 d5 2. c4 c6 3. b3 Nf6 4. Nc3 Qc7 5. e3 e5 6. dxe5 Qxe5 7. Bb2 Qd6 8. Qc2 Be6 9. cxd5 Nxd5 10. Nxd5 Bxd5 11. 0-0-0 Qe7 12. Ne2 Nd7 13. Nf4 Be4 14. Bd3 Bxd3 15. Rxd3 0-0-0 16. Rhd1 Rg8 17. Kb1 g6 18. Nd5 Qc5 19. Nf6 Qxc2+ 20. Kxc2 Nxf6 21. Rxd8+ Kc7 22. Bxf6 1-0

[Event "Orlova op 1st"]
[Site "Orlova"]
[Date "2004.05.??"]
[Round "4"]
[White "Kotoucek, Jiri"]
[Black "Matejka, Frantisek"]
[Result "1/2-1/2"]
[WhiteElo "1790"]
[BlackElo "1895"]
[PlyCount "23"]
[EventDate "2004.05.??"]
[EventType "swiss"]
[EventRounds "9"]
[EventCountry "CZE"]
[SourceTitle "EXT 2007"]
[Source "ChessBase"]
[SourceDate "2006.11.23"]
[SourceVersion "1"]
[SourceVersionDate "2006.11.23"]
[SourceQuality "1"]

1. d4 Nf6 2. c4 e6 3. Nc3 Bb4 4. Qc2 c5 5. e3 Nc6 6. Nf3 0-0 7. Bd3 cxd4 8. exd4 d5 9. cxd5 Qxd5 10. Be3 e5 11. 0-0 Bxc3 12. Qxc3 1/2-1/2